00610nam a2200169 a 450000100100000000500170001000800410002704000250006808200150009310000370010824500730014526000630021830000200028104900090030195201130031099900170042300003395320200930070643.0110914s1937 dr 000 0 spa d aDO-SdBNPbspacBNPHU axxxxbI37e1 aIncháustegui, J. Marino95379510aEnsayo de derecho civil :bprimer curso /cJ. Marino Incháustegui. aCiudad Trujillo, República Dominicana :b[s. n.],c1937. a50 p. ;c21 cm. aBNPD 0010718PDaPDbPDcCTd2011-09-14iLF1l0oxxxx I37ep33953-10r2020-06-25w2020-06-25yLFPDZNo se presta c33444d33444